Справочник Государственного гидрометеорологического фонда СССР (Запись № 4536977)
[ простой вид ]
| 000 -МАРКЕР | |
|---|---|
| контрольное поле | 03973nas1a22003971i 4500 |
| 001 - ИДЕНТИФИКАТОР ЗАПИСИ | |
| контрольное поле | RU\NLR\INFOCOMM19\5000005915 |
| 005 - ИДЕНТИФИКАТОР ВЕРСИИ | |
| контрольное поле | 20240723103347.0 |
| 035 ## - ДРУГИЕ СИСТЕМНЫЕ НОМЕРА | |
| Идентификатор записи | (NLR Aleph) 002359194 |
| 100 ## - ДАННЫЕ ОБЩЕЙ ОБРАБОТКИ | |
| Данные общей обработки | 20041124c1970 |||y0rusy50 ca |
| 101 0# - ЯЗЫК РЕСУРСА | |
| Язык текста, звукозаписи и т.д. | русский |
| 102 ## - СТРАНА ПУБЛИКАЦИИ ИЛИ ПРОИЗВОДСТВА | |
| Страна публикации | Российская Федерация |
| 110 ## - ПОЛЕ КОДИРОВАННЫХ ДАННЫХ: ПРОДОЛЖАЮЩИЕСЯ РЕСУРСЫ | |
| Кодированные данные продолжающегося ресурса | zyuzz 0|y| |
| 200 1# - ЗАГЛАВИЕ И СВЕДЕНИЯ ОБ ОТВЕТСТВЕННОСТИ | |
| Основное заглавие | Справочник Государственного гидрометеорологического фонда СССР |
| Обозначение и номер части | Ч.4 |
| -- | Т.7 |
| Наименование части | Гидрометеорология моря |
| -- | Моря: Красное, Лаптевых, Восточно-Сибирское и Чукотское |
| Первые сведения об ответственности | Глав. упр. Гидрометеорол. службы при Совете Министров СССР. Ордена Ленина Арктический и Антарктический науч.-исслед. ин-т |
| 210 ## - ПУБЛИКАЦИЯ, РАСПРОСТРАНЕНИЕ И ДР. | |
| Место издания, распространения и т.д. | Л. |
| Дата издания, распространения и т.д. | 1970-1979 |
| 309 ## - ПРИМЕЧАНИЯ ОБ ОСНОВНОМ ИСТОЧНИКЕ ИНФОРМАЦИИ И ОБ ОСОБЕННОСТЯХ ПОЛИГРАФИЧЕСКОГО ОФОРМЛЕНИЯ ИЗДАНИЯ | |
| Текст примечания | Отпеч. множит. аппаратом |
| 311 ## - ПРИМЕЧАНИЯ, ОТНОСЯЩИЕСЯ К ПОЛЯМ СВЯЗИ (ПРИМЕЧАНИЯ О СВЯЗИ С ДРУГИМИ ПРОИЗВЕДЕНИЯМИ (ИЗДАНИЯМИ)) | |
| Текст примечания | С Вып.15 (1979) разделилось на: ...Ч.4. Т.7. [Карское море] (ш.: П8/1235), ...Ч.4. Т.11 [Море Лаптевых] (ш.: П8/1229) и ...Ч.4, Т.12. [Восточно-Сибирское, Чукотское море] (ш.: П8/1245) |
| 440 #0 - ПРОДОЛЖАЕТСЯ ПОД ... | |
| Встроенное поле | 2001#$aСправочник Государственного гидрометеорологического фонда СССР$hЧ.4$hТ.7$iГидрометеорология моря$iКарское, Лаптевых, Восточно-Сибирское, Чукотское моря |
| Заглавие | Справочник Государственного гидрометеорологического фонда СССР |
| 446 #0 - РАЗДЕЛИЛСЯ НА ... | |
| Встроенное поле | 2001#$aСправочник Государственного гидрометеорологического фонда СССР$hЧ.4$hТ.7$i[Карское море] |
| -- | 852##$aNLR$jП8/1235 |
| Заглавие | Справочник Государственного гидрометеорологического фонда СССР |
| 446 #0 - РАЗДЕЛИЛСЯ НА ... | |
| Встроенное поле | 2001#$aСправочник Государственного гидрометеорологического фонда СССР$hЧ.4$hТ.11$i[Море Лаптевых] |
| -- | 852##$aNLR$jП8/1229 |
| Заглавие | Справочник Государственного гидрометеорологического фонда СССР |
| 446 #0 - РАЗДЕЛИЛСЯ НА ... | |
| Встроенное поле | 2001#$aСправочник Государственного гидрометеорологического фонда СССР$hЧ.4$hТ.12$i[Восточно-Сибирское, Чукотское море] |
| -- | 852##$aNLR$jП8/1245 |
| Заглавие | Справочник Государственного гидрометеорологического фонда СССР |
| 710 01 - НАИМЕНОВАНИЕ ОРГАНИЗАЦИИ - ПЕРВИЧНАЯ ОТВЕТСТВЕННОСТЬ | |
| Начальный элемент ввода | СССР |
| Структурное подразделение | Гидрометеорологический фонд |
| Код отношения | Автор |
| 801 #1 - ИСТОЧНИК ЗАПИСИ | |
| Страна | Российская Федерация |
| Организация | InfoComm |
| Дата составления | 20041124 |
| 801 #0 - ИСТОЧНИК ЗАПИСИ | |
| Страна | Российская Федерация |
| Организация | NLR |
| Правила каталогизации | PSBO |
| 852 ## - МЕСТОНАХОЖДЕНИЕ И ШИФР ХРАНЕНИЯ | |
| Идентификатор организации | NLR |
| Шифр хранения (Call Number) | П8/909 |
| 942 ## - ДОПОЛНИТЕЛЬНЫЕ ЭЛЕМЕНТЫ ЗАПИСИ (АБИС) | |
| Тип экземпляра АБИС | Продолжающееся издание |
| 980 ## - КОЛЛЕКЦИЯ | |
| Название коллекции | Русская периодика |
Нет доступных экземпляров.